Представление документа в формате MARC21

Поле Инд. ПП Название Значение
Тип записи a
Библиографический уровень b
001 Контрольный номер 2027bca45c0645f2b8099f8012507b53
005 Дата корректировки 20250109145209.8
080 a Индекс УДК 378:004.9
097 b Оператор *Плё*
100 1_ a Автор Долженко А.Б.
245 10 a Заглавие Рабочая программа по информатике: традиции и инновации
p Название части/ раздела Текст : электронный
b Продолж. заглавия статья
260 a Место издания Тверь
b Издательство ТвГТУ
c Дата издания 2024
520 0_ a Аннотация В статье рассмотрены вопросы формирования новой дополнительной общеобразовательной рабочей программы по предмету «Информатика». Программа реализована для подготовительного отделения ФМАС и предназначена для трех профилей подготовки: медикобиологической, инженерно-технической и экономической. В программе учтены требования Минобрнауки России 2023 года к планируемым результатам обучения и навыкам практической работы. Сформулированы проблемы, связанные с недостаточным знанием русского языка, и представлены пути их разрешения. Описан опыт применения в учебном процессе интегрированных мультимедийных средств (сочетание текста, графики, анимации и аудиофайлов), доступных информационных технологий и коммуникаций. Представлены способы вовлечения обучаемого в активную языковую среду русского языка для выработки у него устойчивых лексических и грамматических шаблонов, формирования минимального словаря терминов и организации самостоятельной работы иностранных учащихся в условиях дистанционного и очного образования. Определены средства аттестации при итоговой оценке.
653 0_ a Ключевые слова Рабочая программа по информатике
a Ключевые слова Довузовская подготовка
a Ключевые слова Иностранные учащиеся
a Ключевые слова Мультимедийность
a Ключевые слова Языковые проблемы
a Ключевые слова Самостоятельная работа
a Ключевые слова MS Office
a Ключевые слова Аттестация по итоговой оценке
773 18 w Контрольный № источника c4e9939318e24bb2b11a4700379ef408
t Название источника Обучение иностранцев в вузе и на этапе довузовской подготовки: тенденции и инновации
d Место и дата издания Тверь : ТвГТУ, 2024
z ISBN 978-5-7995-1354-2
g Прочая информация С. 111-118
900 a Имя макрообъекта 001-000161809-000000000-0000-0000-01
901 t Тип документа a
950 a Редактор записи вш
951 i EL-ТГТУ? да